Central Library OPAC University of Rajshahi

English and other critical essays / (Record no. 22595)

MARC details
000 -LEADER
fixed length control field 00672nam a2200229 a 4500
001 - CONTROL NUMBER
control field 22595
003 - CONTROL NUMBER IDENTIFIER
rucl marc code BD-RjUL
005 - DATE AND TIME OF LATEST TRANSACTION
control field 20211209000827.0
008 - FIXED-LENGTH DATA ELEMENTS--GENERAL INFORMATION
fixed length control field 140308s19501915enk b 00010 eng d
035 ## - SYSTEM CONTROL NUMBER
System control number (BD-RjUL)22660
System control number (BD-RjUL)
040 ## - CATALOGING SOURCE
Modifying agency VU
-- BD-RjUL
Original cataloging agency BD-RjUL
Language of cataloging eng
Transcribing agency BD-RjUL
041 ## - LANGUAGE CODE
Language code of text/sound track or separate title eng
082 0# - DEWEY DECIMAL CLASSIFICATION NUMBER
Classification number 824.8
Edition number 20
Author mark and year CAE
100 1# - MAIN ENTRY--PERSONAL NAME
Personal name Carlyle, Thomas,
Dates associated with a name 1795-1881.
9 (RLIN) 69757
245 10 - TITLE STATEMENT
Title English and other critical essays /
Statement of responsibility, etc. Thomas Carlyle.
260 ## - PUBLICATION, DISTRIBUTION, ETC. (IMPRINT)
Place of publication, distribution, etc. London :
Name of publisher, distributor, etc. Dent,
Date of publication, distribution, etc. 1915 [reprinted 1950]
300 ## - PHYSICAL DESCRIPTION
Pagination 341 p. ;
Size 19 cm.
504 ## - BIBLIOGRAPHY, ETC. NOTE
Bibliography, etc Includes bibliographical references.
942 ## - ADDED ENTRY ELEMENTS (KOHA)
Source of classification or shelving scheme Dewey Decimal Classification
Koha item type Books
Holdings
Lost status Source of classification or shelving scheme Damaged status Not for loan Collection code Permanent Location Current Location Shelving location Date acquired Source of acquisition Cost, normal purchase price Total Checkouts Full call number Date last seen Copy number Koha item type
  Dewey Decimal Classification   Added to bundle Fiction Central Library, University of Rajshahi Central Library, University of Rajshahi Reading Room 27/09/1955 B.H. black well 55.00   824.8 CAE 1950 08/03/2014 C-1 Books